Malaysia : Selected Issues.

This Selected Issues Paper presents an overview of the Malaysian labor market. Malaysia's economy and its labor market have undergone significant shifts in the last three decades. The labor market is now more urban and has a higher share of female workers and workers with tertiary education. Em...

Полное описание

Библиографические подробности
Соавтор: International Monetary Fund. Asia and Pacific Dept
Формат: Журнал
Язык:English
Опубликовано: Washington, D.C. : International Monetary Fund, 2018.
Серии:IMF Staff Country Reports; Country Report ; No. 2018/062
Online-ссылка:Full text available on IMF
LEADER 01823cas a2200241 a 4500
001 AALejournalIMF018302
008 230101c9999 xx r poo 0 0eng d
020 |c 5.00 USD 
020 |z 9781484345092 
022 |a 1934-7685 
040 |a BD-DhAAL  |c BD-DhAAL 
110 2 |a International Monetary Fund.  |b Asia and Pacific Dept. 
245 1 0 |a Malaysia :   |b Selected Issues. 
264 1 |a Washington, D.C. :  |b International Monetary Fund,  |c 2018. 
300 |a 1 online resource (27 pages) 
490 1 |a IMF Staff Country Reports 
500 |a <strong>Off-Campus Access:</strong> No User ID or Password Required 
500 |a <strong>On-Campus Access:</strong> No User ID or Password Required 
506 |a Electronic access restricted to authorized BRAC University faculty, staff and students 
520 3 |a This Selected Issues Paper presents an overview of the Malaysian labor market. Malaysia's economy and its labor market have undergone significant shifts in the last three decades. The labor market is now more urban and has a higher share of female workers and workers with tertiary education. Employment has kept pace with labor supply, keeping the unemployment rate stable for more than a decade. Meanwhile, reliance on noncitizen workers has also increased against the backdrop of slower growth in citizen population. Continuing with its economic transformation, Malaysia aspires to achieve high-income status, with a labor market that is ready for the economy of the future: a market that can support more female workers, more skilled jobs, and a higher labor productivity growth. 
538 |a Mode of access: Internet 
830 0 |a IMF Staff Country Reports; Country Report ;  |v No. 2018/062 
856 4 0 |z Full text available on IMF  |u http://elibrary.imf.org/view/journals/002/2018/062/002.2018.issue-062-en.xml  |z IMF e-Library